01094nam a2200217Ia 4500008004100000020001500041050002800056100002700084240004000111245009500151260004000246300003600286490002600322500004700348500004300395505030400438650002200742650003800764650003700802700003700839120626s1990 mx a 000 0 spa d a9688871516 aNE1850 R87518b R87518 aRussell, Dale eautor  aThe black & white book lEspañol  aEl libro del blanco y negro c/ Dale, Russell; versión castellana de Emili Olcina i Aya  aMéxico b: Gustavo Gili c, 1990  a144 páginasb: ilustraciones  aBiblioteca del Color  aTítulo original: The black & white book  aIncluye: Indice, Créditos (p. 144)  aUtilización de la "Biblioteca del Color" Introducción al blanco y negro Ilusión óptica, proporción y textura Psicología Marketing Cultura y época Los colores Los 25 colores principales con especificaciones Los colores principales sobre tintas de fondo Aplicaciones  0aCOLOR vMANUALES  0aBLANCO vCARTAS, DIAGRAMAS, ETC.  0aNEGRO vCARTAS, DIAGRAMAS, ETC.  aOlcina i Aya, Emili etraductor